00470nam a22001577a 450000500170000001000150001702000270003203500140005903700130007308200100008610000230009624500520011926000370017127000770020830000270028520220906101905.0 aENG-134929 a9789350570463c1395.00 aEN-118461 bDBAD/PUB a641.5 aAgarwaal, Radhicka aThe Daily Gourment Cookbook/cRadhicka Agarwaal aNew DelhibV& S Publishersc2013 aF-2/16, Ansari Road, DaryaganjbNew Delhie110002minfo@vspublishers.com a188p.bIndexc29cm(hb)